Días juveniles / (Registro nro. 9449)
[ vista simple ]
| 000 -CABECERA | |
|---|---|
| Campo de control interno | 01686nam a2200241Ia 4500 |
| 008 - ELEMENTOS DE LONGITUD FIJA - INFORMACIÓN GENERAL | |
| Campo de control de longitud fija | 260220t1961||||xx |||||||||||||| ||spa|| |
| 040 ## - FUENTE DE CATALOGACIÓN | |
| Agencia de catalogación original | PY-SlUNAC |
| Idioma de catalogación | spa |
| Convenciones de descripción | rda |
| 041 ## - CÓDIGO DE IDIOMA | |
| Código de idioma para texto/pista de sonido o título separado | spa |
| 082 ## - NÚMERO DE CLASIFICACIÓN DECIMAL DEWEY | |
| Clasificación Decimal Dewey (CDD) | 920 |
| Clasificación Expansiva de Cutter (EC) | M355d |
| 100 ## - ASIENTO PRINCIPAL - NOMBRE PERSONAL | |
| Nombre personal | Marshall, Bruce |
| Rol del autor | Autor |
| 245 #0 - TÍTULO | |
| Título | Días juveniles / |
| Mención de responsabilidad | por Bruce Marshall [Autor] |
| 264 ## - PIE DE IMPRENTA | |
| Lugar | Barcelona : |
| Editorial | Caralt, |
| Año | ℗1961. |
| 300 ## - DESCRIPCIÓN FÍSICA | |
| Páginas | 1 volumen |
| 520 ## - NOTA DE RESUMEN | |
| Nota de resumen | "Días juveniles" de Bruce Marshall es una novela que explora las complejidades de la adolescencia a través de las vivencias de un grupo de jóvenes en Barcelona. A lo largo de la narrativa, el autor retrata las inquietudes, sueños y desafíos que enfrentan los protagonistas en un entorno social en transformación, marcado por la búsqueda de identidad y la lucha por la autonomía. La historia aborda temas universales como el amor, la amistad y la rebeldía, ofreciendo un profundo análisis de las relaciones interpersonales y el impacto del contexto histórico en la vida de los jóvenes. Marshall utiliza un estilo vívido y evocador, combinando la prosa poética con diálogos realistas que capturan la esencia de la juventud. A medida que los personajes navegan por sus experiencias, el autor invita al lector a reflexionar sobre la importancia de la comprensión y la empatía en el proceso de crecimiento personal. En definitiva, "Días juveniles" es un retrato conmovedor y significativo de la transición a la vida adulta. |
| 653 ## - MATERIA - TÉRMINO TEMÁTICO NO CONTROLADO (PALABRAS CLAVE) | |
| Materia - término temático no controlado (palabras clave) | Educación |
| 653 ## - MATERIA - TÉRMINO TEMÁTICO NO CONTROLADO (PALABRAS CLAVE) | |
| Materia - término temático no controlado (palabras clave) | Juventud |
| 653 ## - MATERIA - TÉRMINO TEMÁTICO NO CONTROLADO (PALABRAS CLAVE) | |
| Materia - término temático no controlado (palabras clave) | Literatura juvenil |
| 942 ## - ELEMENTOS PERSONALIZADOS (KOHA) | |
| Fecha catalogación | 2026/02/17 |
| Tipo de documento | Libros |
| Fuente de Clasificacion | Colección | Ubicacion permanente | Biblioteca actual | Fecha de Ingreso a la Biblioteca | Origen de adquisición | Código de ubicación | Código de barras | Tipo de Item KOHA | Nota pública |
|---|---|---|---|---|---|---|---|---|---|
| Dewey Decimal Classification | Colección General (CG) | Biblioteca e Internet, Facultad de Ciencias Exactas y Naturales | Biblioteca e Internet, Facultad de Ciencias Exactas y Naturales | 02/20/2026 | Donación | 920 M355d | CG2809 | Libros | Material disponible en la Biblioteca e Intenet, Campus UNA, San Lorenzo. |


